| 000 | 01243nam a22002657a 4500 | ||
|---|---|---|---|
| 005 | 20170124103202.0 | ||
| 010 | _aB-135925 | ||
| 020 | _c200.00 | ||
| 035 | _aB-135925 | ||
| 037 | _bCen Lib/Ret | ||
| 040 |
_aDPL _bHN |
||
| 082 |
_a657.834 _bअग्रवा |
||
| 100 |
_aअग्रवाल, एम.डी. _992382 |
||
| 245 |
_aप्रबंधकीय निर्णयों हेतु लेखांकन / _cएम.डी. अग्रवाल [एवं] एन.पी. अग्रवाल |
||
| 246 |
_aPrabandhkiya ninayon hetu lekhankan / _bby M.D. Agrval [evam] N.P. Agrval |
||
| 260 |
_a दिल्ली _bश्री महावीर बोक डिपो |
||
| 270 |
_b दिल्ली _a2603, नयी सड़क _e110006 |
||
| 300 |
_a500पृ. _c22सेमी(सजिल्द ) |
||
| 650 |
_aप्रबंधकीय निर्णय _x _z _992383 |
||
| 650 |
_aप्रबंधकीय निर्णय -- लेखांकन _92696 |
||
| 650 |
_aManagerial Decision _992384 |
||
| 650 |
_aManagerial decisions - accounting _992385 |
||
| 700 |
_aअग्रवाल, एन.पी. _992386 |
||
| 942 |
_2ddc _cHN _h657.834 _mअग्रवा |
||
| 999 |
_c120745 _d120745 |
||